[Event "Junior Online 4NCL Division 5"]
[Site "online"]
[Date "2021.04.15"]
[EventDate "2021.04.15"]
[Round "7.75"]
[White "Srinivasan, Raghav"]
[WhiteElo "1545"]
[WhiteTeam "Chess Challengers B"]
[Black "Clayton, Daniel J"]
[BlackElo "1578"]
[BlackTeam "SASCA Sharks"]
[Result "0-1"]
[PlyCount "44"]

1. e4 c5 2. Nc3 g6 3. Nf3 Bg7 4. Bc4 e6 5. Bb3 Ne7 6. d3 a6 7. Bg5 Nbc6 8. Bxe7 Qxe7 9. O-O O-O 10. Re1 b5 11. a3 Qd8 12. e5 Qc7 13. Qe2 Nd4 14. Nxd4 cxd4 15. Na2 d6 16. exd6 Qxd6 17. c3 Bb7 18. cxd4 Bxd4 19. Kf1 Rac8 20. Nb4 Qxh2 21. Qd2 Qxg2+ 22. Ke2 Bf3# 0-1

[Event "Junior Online 4NCL Division 5"]
[Site "online"]
[Date "2021.04.15"]
[EventDate "2021.04.15"]
[Round "7.76"]
[White "Atkinson, Matthew"]
[WhiteElo "1255"]
[WhiteTeam "SASCA Sharks"]
[Black "Bhatia, Jai"]
[BlackElo "1584"]
[BlackTeam "Chess Challengers B"]
[Result "0-1"]
[PlyCount "58"]

1. e4 e5 2. Nf3 Nc6 3. Bc4 h6 4. d4 d6 5. dxe5 dxe5 6. Qxd8+ Nxd8 7. Nxe5 Be6 8. Nc3 Bxc4 9. Nxc4 Nf6 10. Nb5 Ne6 11. f3 a6 12. Nc3 Bb4 13. Bd2 O-O-O 14. O-O-O Bxc3 15. Bxc3 Nf4 16. Rd2 Rxd2 17. Nxd2 Ne2+ 18. Kd1 Nxc3+ 19. bxc3 Rd8 20. Ke2 Nd7 21. Rd1 Nb6 22. Nb3 Re8 23. Nc5 g5 24. Kf2 Re5 25. Nb3 Na4 26. Rd3 c5 27. Rd5 Re7 28. Nxc5 Nxc3 29. Rd2 Rc7 0-1

[Event "Junior Online 4NCL Division 5"]
[Site "online"]
[Date "2021.04.15"]
[EventDate "2021.04.15"]
[Round "7.77"]
[White "Sharavana, Harshith"]
[WhiteElo "1491"]
[WhiteTeam "Chess Challengers B"]
[Black "Harper, Luke"]
[BlackElo "1166"]
[BlackTeam "SASCA Sharks"]
[Result "0-1"]
[PlyCount "78"]

1. e4 e5 2. Qh5 Nf6 3. Qxe5+ Be7 4. Bc4 Nc6 5. Qf4 O-O 6. Nf3 Nh5 7. Qg4 d5 8. Qxh5 dxc4 9. d3 cxd3 10. Ng5 Bxg5 11. Bxg5 dxc2 12. Nd2 Qd4 13. O-O f6 14. Be3 Qxb2 15. Rac1 Ne5 16. Qe2 Ng4 17. Qc4+ Kh8 18. Rxc2 Qe5 19. Nf3 Qe6 20. Qxc7 Nxe3 21. fxe3 Qxe4 22. Rfc1 Qxe3+ 23. Kf1 Bf5 24. Rc3 Bd3+ 25. Rxd3 Qxd3+ 26. Kf2 Rfe8 27. Qxb7 Qe3+ 28. Kg3 Qxc1 29. h4 Qd1 30. h5 Qd6+ 31. Kh3 Qe6+ 32. g4 Rab8 33. Qxa7 Qe4 34. Kg3 g5 35. h6 Qf4+ 36. Kg2 Rb2+ 37. Kg1 Qg3+ 38. Kf1 Qxf3+ 39. Kg1 Qg2# 0-1

[Event "Junior Online 4NCL Division 5"]
[Site "online"]
[Date "2021.04.15"]
[EventDate "2021.04.15"]
[Round "7.78"]
[White "Krajci, Patrik"]
[WhiteElo "1170"]
[WhiteTeam "SASCA Sharks"]
[Black "Mali, Harshal"]
[BlackElo "1487"]
[BlackTeam "Chess Challengers B"]
[Result "0-1"]
[PlyCount "38"]

1. e4 e5 2. Nf3 Nc6 3. Bc4 Nf6 4. Ng5 d5 5. exd5 Nd4 6. d6 Be6 7. Bxe6 fxe6 8. dxc7 Qxc7 9. c3 h6 10. Nf3 Nxf3+ 11. Qxf3 e4 12. Qe2 O-O-O 13. O-O Bc5 14. b4 Bb6 15. Rd1 g5 16. d3 h5 17. Bxg5 Ng4 18. Bxd8 Qxh2+ 19. Kf1 Qh1# 0-1

[Event "Junior Online 4NCL Division 5"]
[Site "online"]
[Date "2021.04.15"]
[EventDate "2021.04.15"]
[Round "7.81"]
[White "McAndrew, Max"]
[WhiteElo "1113"]
[WhiteTeam "Ojays G"]
[Black "Tengayev, Arman"]
[BlackElo "1405"]
[BlackTeam "Desert Penguins Jupiter"]
[Result "1/2-1/2"]
[PlyCount "93"]

1. e4 c5 2. Nf3 d6 3. c3 d5 4. Qe2 Nf6 5. e5 Nfd7 6. d4 cxd4 7. cxd4 Nc6 8. Nc3 Nb6 9. g3 Bg4 10. Bg2 e6 11. O-O Be7 12. Qd3 O-O 13. Be3 Nc4 14. b3 Nb6 15. Qd2 Bb4 16. a3 Be7 17. b4 Nc4 18. Qd3 Bf5 19. Qe2 Rc8 20. h4 Bg4 21. Qd3 Qb6 22. Ng5 Bxg5 23. hxg5 Bf5 24. Qe2 Nxd4 25. Qd1 Nb2 26. Qxd4 Qxd4 27. Bxd4 Bd3 28. Rfe1 Nc4 29. Bxa7 b6 30. Na4 Ra8 31. Bxb6 Rxa4 32. Bc5 Rc8 33. Red1 Bf5 34. Bf1 Nb2 35. Rd2 Nc4 36. Bxc4 dxc4 37. Rc1 Bd3 38. Rc3 g6 39. f4 Rca8 40. b5 Rb8 41. b6 Rb7 42. Kf2 Ra5 43. Bb4 Rb5 44. Ke3 R7xb6 45. Kd4 Ra6 46. g4 Ra7 47. Ra2 1/2-1/2

[Event "Junior Online 4NCL Division 5"]
[Site "online"]
[Date "2021.04.15"]
[EventDate "2021.04.15"]
[Round "7.82"]
[White "Quillaud, Maxime"]
[WhiteElo "1308"]
[WhiteTeam "Desert Penguins Jupiter"]
[Black "Genc, Guven"]
[BlackElo "1167"]
[BlackTeam "Ojays G"]
[Result "1-0"]
[PlyCount "39"]

1. d4 Nf6 2. c4 g6 3. Nc3 Bg7 4. e3 O-O 5. Nf3 Ne8 6. Bd2 f5 7. Bd3 d6 8. O-O e5 9. Rc1 e4 10. Nxe4 fxe4 11. Bxe4 Nf6 12. Bd3 Be6 13. Ng5 Bd7 14. Qb3 Bc6 15. c5+ Bd5 16. Bc4 c6 17. Bxd5+ Nxd5 18. Ne6 Qe7 19. Nxf8 Bxf8 20. e4 1-0

[Event "Junior Online 4NCL Division 5"]
[Site "online"]
[Date "2021.04.15"]
[EventDate "2021.04.15"]
[Round "7.83"]
[White "Gascoyne, Thomas"]
[WhiteElo "1160"]
[WhiteTeam "Ojays G"]
[Black "Dane, James"]
[BlackElo "1232"]
[BlackTeam "Desert Penguins Jupiter"]
[Result "0-1"]
[PlyCount "82"]

1. e4 c5 2. d4 cxd4 3. Qxd4 d6 4. Qd1 Nc6 5. Nc3 e6 6. Bb5 Bd7 7. Bf4 Nf6 8. Nf3 Be7 9. O-O O-O 10. Bxc6 Bxc6 11. e5 dxe5 12. Nxe5 Qxd1 13. Raxd1 Rfd8 14. Rxd8+ Rxd8 15. Nxc6 bxc6 16. Rd1 Nd5 17. Nxd5 cxd5 18. b3 Rc8 19. Rc1 Ba3 20. Rd1 Rxc2 21. Rd2 Rxd2 22. Bxd2 Kf8 23. f4 Ke7 24. b4 Kd6 25. Kf2 e5 26. fxe5+ Kxe5 27. g3 d4 28. Bf4+ Ke4 29. Bd2 Kd3 30. Ke1 Kc4 31. Ke2 Bxb4 32. Bxb4 Kxb4 33. Kd3 Kc5 34. Kc2 Kc4 35. Kd2 Kd5 36. Kd3 Ke5 37. Ke2 Ke4 38. Kd2 d3 39. Ke1 Ke3 40. Kd1 d2 41. Kc2 Ke2 0-1

[Event "Junior Online 4NCL Division 5"]
[Site "online"]
[Date "2021.04.15"]
[EventDate "2021.04.15"]
[Round "7.84"]
[White "Cleanis, Theo"]
[WhiteElo "1225"]
[WhiteTeam "Desert Penguins Jupiter"]
[Black "Bhogathi, Abhiram"]
[BlackElo "1127"]
[BlackTeam "Ojays G"]
[Result "0-1"]
[PlyCount "38"]

1. d4 d5 2. c4 e6 3. Nc3 Nf6 4. Bf4 Nc6 5. Nf3 Bd6 6. Bxd6 Qxd6 7. e3 Ne4 8. Bd3 Nxc3 9. bxc3 Bd7 10. c5 Qe7 11. Qc2 O-O-O 12. O-O h5 13. h3 g5 14. Qe2 g4 15. hxg4 hxg4 16. Nh2 Qh4 17. f3 g3 18. Rfd1 Qxh2+ 19. Kf1 Qh1# 0-1

[Event "Junior Online 4NCL Division 5"]
[Site "online"]
[Date "2021.04.15"]
[EventDate "2021.04.15"]
[Round "7.85"]
[White "Tengayev, Arman"]
[WhiteElo "1405"]
[WhiteTeam "Desert Penguins Jupiter"]
[Black "McAndrew, Max"]
[BlackElo "1113"]
[BlackTeam "Ojays G"]
[Result "0-1"]
[PlyCount "102"]

1. d4 Nf6 2. c4 e6 3. Nf3 d5 4. Nc3 Bb4 5. Bf4 Nc6 6. e3 b6 7. cxd5 exd5 8. Bd3 Bb7 9. O-O O-O 10. a3 Bd6 11. Bg5 h6 12. Bh4 Be7 13. Qc2 Qd6 14. Rab1 Bc8 15. Rfc1 Bg4 16. Be2 Bxf3 17. Bxf3 Ng4 18. Bg3 Qe6 19. b4 Bg5 20. a4 Nxe3 21. fxe3 Bxe3+ 22. Kh1 Bxc1 23. Qxc1 Nxd4 24. Nxd5 Nxf3 25. gxf3 Qxd5 26. Kg2 Qa2+ 27. Qb2 Qxa4 28. Bxc7 Qd7 29. Be5 f6 30. Bg3 Rad8 31. Qb3+ Kh8 32. Qc4 Qf5 33. Rf1 Rd2+ 34. Rf2 Rxf2+ 35. Bxf2 Qg5+ 36. Bg3 Rd8 37. Qc7 Rd2+ 38. Kh3 Qf5+ 39. Kh4 Rd4+ 40. Qf4 Rxf4+ 41. Bxf4 Qxf4+ 42. Kh3 Qxf3+ 43. Kh4 Qe4+ 44. Kh3 Qxb4 45. Kg3 a5 46. Kg2 a4 47. Kg3 a3 48. Kg2 a2 49. Kg3 a1=Q 50. Kg2 Qa2+ 51. Kh1 Qbb1# 0-1

[Event "Junior Online 4NCL Division 5"]
[Site "online"]
[Date "2021.04.15"]
[EventDate "2021.04.15"]
[Round "7.86"]
[White "Genc, Guven"]
[WhiteElo "1167"]
[WhiteTeam "Ojays G"]
[Black "Quillaud, Maxime"]
[BlackElo "1308"]
[BlackTeam "Desert Penguins Jupiter"]
[Result "0-1"]
[PlyCount "36"]

1. e4 c5 2. Nf3 d6 3. d4 cxd4 4. Nxd4 Nf6 5. Nc3 a6 6. Bc4 b5 7. Bb3 Bb7 8. f3 Nbd7 9. O-O Nc5 10. Re1 e6 11. Bg5 Be7 12. e5 dxe5 13. Rxe5 Nxb3 14. axb3 Nd5 15. Bxe7 Qxe7 16. Nxd5 Bxd5 17. Nxb5 axb5 18. Qxd5 Rxa1+ 0-1

[Event "Junior Online 4NCL Division 5"]
[Site "online"]
[Date "2021.04.15"]
[EventDate "2021.04.15"]
[Round "7.87"]
[White "Dane, James"]
[WhiteElo "1232"]
[WhiteTeam "Desert Penguins Jupiter"]
[Black "Gascoyne, Thomas"]
[BlackElo "1160"]
[BlackTeam "Ojays G"]
[Result "1-0"]
[PlyCount "77"]

1. d4 d5 2. c4 dxc4 3. e3 Bf5 4. Bxc4 Nf6 5. Nc3 e6 6. Nf3 Bb4 7. O-O Bg4 8. Be2 O-O 9. Bd2 Nc6 10. a3 Bxc3 11. Bxc3 Ne4 12. Qc2 Nxc3 13. Qxc3 Qd6 14. Qc2 e5 15. Ng5 g6 16. Bxg4 h6 17. Nf3 h5 18. Bh3 f6 19. Qxg6+ Kh8 20. Bf5 Qe7 21. Qxh5+ Kg8 22. Qh6 Rf7 23. dxe5 fxe5 24. Be6 Rf8 25. Qg6+ Kh8 26. Bxf7 Rxf7 27. Qc2 e4 28. Qc3+ Kg8 29. Nd4 Nxd4 30. Qxd4 c5 31. Qd2 b6 32. Rfd1 Rf8 33. Qd5+ Kh8 34. Qd7 Qf6 35. Qxa7 Qxf2+ 36. Kh1 Rg8 37. Rg1 Qxe3 38. Qxb6 Qd4 39. Qh6# 1-0

[Event "Junior Online 4NCL Division 5"]
[Site "online"]
[Date "2021.04.15"]
[EventDate "2021.04.15"]
[Round "7.88"]
[White "Bhogathi, Abhiram"]
[WhiteElo "1127"]
[WhiteTeam "Ojays G"]
[Black "Cleanis, Theo"]
[BlackElo "1225"]
[BlackTeam "Desert Penguins Jupiter"]
[Result "1-0"]
[PlyCount "41"]

1. d4 d5 2. c4 dxc4 3. e3 Be6 4. Nc3 Nf6 5. e4 Nc6 6. d5 Bg4 7. f3 Bxf3 8. Nxf3 Nb8 9. e5 Ng4 10. h3 Nh6 11. g4 f6 12. e6 g6 13. h4 Nxg4 14. Bxc4 a6 15. Nd4 Ne5 16. Bd3 Nxd3+ 17. Qxd3 c6 18. Qd1 cxd5 19. h5 g5 20. h6 Nc6 21. Qh5# 1-0

[Event "Junior Online 4NCL Division 5"]
[Site "online"]
[Date "2021.04.15"]
[EventDate "2021.04.15"]
[Round "7.91"]
[White "Ray, Ayush"]
[WhiteElo "1771"]
[WhiteTeam "Chess Challengers A"]
[Black "Popovici, Serena"]
[BlackElo "1250"]
[BlackTeam "Colchester Juniors C"]
[Result "1-0"]
[PlyCount "75"]

1. e4 e5 2. Nf3 Nc6 3. Bc4 Bc5 4. d3 d6 5. Nc3 Nf6 6. Be3 O-O 7. Bg5 Bg4 8. Nd5 h6 9. Nxf6+ gxf6 10. Bxh6 Re8 11. h3 Bh5 12. Qd2 Qd7 13. Be3 Bxe3 14. fxe3 f5 15. exf5 Bxf3 16. gxf3 Qxf5 17. Rg1+ Kf8 18. Qg2 Ke7 19. O-O-O a6 20. f4 exf4 21. exf4 Qxf4+ 22. Kb1 Qf5 23. Rde1+ Kd7 24. Ref1 Rg8 25. Rxf5 Rxg2 26. Rxg2 b5 27. Rxf7+ Ne7 28. Rgg7 Re8 29. Bb3 c5 30. a4 b4 31. a5 Kd8 32. Ba4 Nd5 33. Bxe8 Kxe8 34. Ra7 Kf8 35. Rgb7 Nf6 36. Ra8+ Ne8 37. Rbb8 Kf7 38. Rxe8 1-0

[Event "Junior Online 4NCL Division 5"]
[Site "online"]
[Date "2021.04.15"]
[EventDate "2021.04.15"]
[Round "7.92"]
[White "Shiva, Shrishti"]
[WhiteElo "1235"]
[WhiteTeam "Colchester Juniors C"]
[Black "Sidana, Rishabh"]
[BlackElo "1660"]
[BlackTeam "Chess Challengers A"]
[Result "1-0"]
[PlyCount "233"]

1. e4 e5 2. Nf3 Nc6 3. Bc4 Bc5 4. Nc3 Nf6 5. d3 d6 6. h3 O-O 7. Bg5 h6 8. Bh4 Be6 9. Bb3 Nd4 10. O-O Nxf3+ 11. Qxf3 g5 12. Bg3 Kg7 13. Qe2 Bd4 14. Rab1 a5 15. Nd5 b5 16. Nxf6 Qxf6 17. c3 Bb6 18. Ra1 a4 19. Bc2 Qg6 20. Kh1 f5 21. f3 f4 22. Bf2 Qh5 23. Kh2 Rfb8 24. Bxb6 Rxb6 25. a3 c5 26. Rad1 b4 27. d4 b3 28. Bb1 c4 29. d5 Bd7 30. Qxc4 Rc8 31. Qe2 Rc7 32. Bd3 Qh4 33. Qf2 Qxf2 34. Rxf2 Kf6 35. Rff1 Bb5 36. Bxb5 Rxb5 37. Rc1 Rcc5 38. g3 Rc4 39. gxf4 exf4 40. Rce1 Ke5 41. Kg2 Rc8 42. Kh1 Rc4 43. Kh2 Rc8 44. Rf2 Rc4 45. Rfe2 Rc8 46. Kg2 Rc4 47. Rh1 Rb8 48. h4 Rg8 49. hxg5 Rxg5+ 50. Kf2 h5 51. Rg1 Rxg1 52. Kxg1 Rc8 53. Rh2 Rg8+ 54. Kf2 Rg5 55. Rg2 Rxg2+ 56. Kxg2 Kf6 57. Kh3 Kg5 58. c4 Kf6 59. Kh4 Ke5 60. Kxh5 Kd4 61. c5 Kxc5 62. Kg4 Kd4 63. Kxf4 Kd3 64. e5 dxe5+ 65. Kxe5 Kc2 66. d6 Kxb2 67. d7 Ka2 68. d8=Q b2 69. Qd5+ Ka1 70. Qd1+ b1=Q 71. Qxa4 Qe1+ 72. Qe4 Qa5+ 73. Qd5 Qxa3 74. Qd1+ Ka2 75. Qc2+ Ka1 76. Qd1+ Ka2 77. Qd5+ Ka1 78. Qd4+ Ka2 79. f4 Qe7+ 80. Kf5 Qf7+ 81. Ke4 Qe6+ 82. Kd3 Qb3+ 83. Kd2 Kb1 84. Qg1+ Ka2 85. Qd4 Kb1 86. Qd3+ Ka1 87. Qf1+ Ka2 88. f5 Qb2+ 89. Ke3 Qe5+ 90. Kd2 Qb2+ 91. Ke1 Qc1+ 92. Kf2 Qf4+ 93. Kg1 Qb8 94. f6 Ka3 95. f7 Qg3+ 96. Kh1 Qh4+ 97. Kg1 Qg3+ 98. Qg2 Qe1+ 99. Kh2 Qe7 100. Qg3+ Ka4 101. Qf4+ Ka5 102. f8=Q Qh7+ 103. Q8h6 Qd7 104. Qh5+ Kb6 105. Qfh6+ Kb7 106. Qh7 Kc6 107. Qxd7+ Kxd7 108. Qe5 Kc6 109. Qd4 Kb5 110. Qc3 Ka4 111. Qb2 Ka5 112. Kg3 Ka6 113. Kf4 Ka7 114. Ke5 Ka8 115. Kd6 Ka7 116. Kc6 Ka8 117. Qb7# 1-0

[Event "Junior Online 4NCL Division 5"]
[Site "online"]
[Date "2021.04.15"]
[EventDate "2021.04.15"]
[Round "7.93"]
[White "Gupta, Shourya"]
[WhiteElo "1640"]
[WhiteTeam "Chess Challengers A"]
[Black "Chung, Vince"]
[BlackElo "1202"]
[BlackTeam "Colchester Juniors C"]
[Result "1-0"]
[PlyCount "91"]

1. d4 d5 2. Bf4 Nf6 3. Nf3 Nc6 4. e3 e6 5. Bb5 Bd6 6. Bxd6 cxd6 7. O-O O-O 8. Nc3 a6 9. Bd3 e5 10. dxe5 dxe5 11. Be2 Bg4 12. h3 Bf5 13. Nh4 Qc8 14. Nxd5 Nxd5 15. Qxd5 Rd8 16. Qf3 Bxc2 17. Bc4 Rd7 18. Rac1 e4 19. Qg3 b5 20. Rxc2 bxc4 21. Rxc4 Qb7 22. b3 Re8 23. Nf5 f6 24. Nd6 Qb8 25. Nxe8 Qxe8 26. Rxc6 Qf7 27. Rc8+ Qf8 28. Rxf8+ Kxf8 29. Rc1 Kf7 30. Rc7 Rxc7 31. Qxc7+ Kg6 32. Qa5 f5 33. Qxa6+ Kg5 34. Qb7 g6 35. Qxh7 Kf6 36. a4 Ke6 37. a5 Kd6 38. a6 Kc6 39. a7 Kb6 40. a8=Q Kb5 41. Qxg6 Kb4 42. Qa4+ Kc3 43. Qxf5 Kd3 44. Qc4+ Kd2 45. Qfd5+ Ke1 46. Qf1# 1-0

[Event "Junior Online 4NCL Division 5"]
[Site "online"]
[Date "2021.04.15"]
[EventDate "2021.04.15"]
[Round "7.94"]
[White "He, Kingsley"]
[WhiteElo "834"]
[WhiteTeam "Colchester Juniors C"]
[Black "Rajaram, Dilip"]
[BlackElo "1635"]
[BlackTeam "Chess Challengers A"]
[Result "0-1"]
[PlyCount "76"]

1. e4 e5 2. Nf3 Nc6 3. Bc4 Bc5 4. c3 Nf6 5. d3 Be7 6. Nbd2 d6 7. d4 exd4 8. cxd4 Be6 9. d5 Ne5 10. Nxe5 dxe5 11. dxe6 fxe6 12. Bxe6 Qd6 13. Bb3 Rd8 14. O-O Rd7 15. f3 Qb6+ 16. Kh1 Qa6 17. Re1 Bb4 18. a3 Bxd2 19. Bxd2 Qd3 20. Ba4 b5 21. Bxb5 Qxb5 22. Re2 Qxb2 23. h3 h5 24. a4 Kf7 25. Rc1 Rhd8 26. Rc2 Qd4 27. Ra2 Qc4 28. Rb2 Ne8 29. Qc2 Qxe2 30. Qb3+ Kf6 31. Bg5+ Kxg5 32. Rxe2 Rd1+ 33. Kh2 Rf1 34. Qf7 Rdd1 35. Qf5+ Kh6 36. Qxe5 Nf6 37. Qxc7 h4 38. Qxa7 Rh1# 0-1

[Event "Junior Online 4NCL Division 5"]
[Site "online"]
[Date "2021.04.15"]
[EventDate "2021.04.15"]
[Round "7.95"]
[White "Popovici, Serena"]
[WhiteElo "1250"]
[WhiteTeam "Colchester Juniors C"]
[Black "Ray, Ayush"]
[BlackElo "1771"]
[BlackTeam "Chess Challengers A"]
[Result "0-1"]
[PlyCount "126"]

1. e4 e5 2. d4 exd4 3. c3 dxc3 4. Bc4 Nf6 5. Nxc3 d6 6. Nf3 Nc6 7. Bf4 Bg4 8. O-O Be7 9. Re1 O-O 10. h3 Bh5 11. e5 dxe5 12. Qxd8 Raxd8 13. Bxe5 Bxf3 14. gxf3 Rd7 15. Nb5 Rfd8 16. Bxc7 Rc8 17. Bg3 Nb4 18. Rac1 a6 19. Na7 Ra8 20. a3 Nbd5 21. Nb5 axb5 22. Bxb5 Rdd8 23. Rcd1 Bd6 24. a4 Bxg3 25. fxg3 Nb6 26. b3 Rxd1 27. Rxd1 Nbd5 28. f4 Nc3 29. Rd7 Nxd7 30. Bxd7 Rd8 31. Bf5 g6 32. Bc2 b5 33. a5 b4 34. a6 Ra8 35. Bd3 Nd5 36. Be4 Rd8 37. a7 Nb6 38. g4 Rd4 39. Bf3 Rxf4 40. Kg2 Rd4 41. Kg3 Rd7 42. a8=Q+ Nxa8 43. Bxa8 Rd3+ 44. Kf4 Rxb3 45. Bd5 Rxh3 46. g5 b3 47. Kg4 Rd3 48. Bc4 Rd4+ 49. Kf3 Rxc4 50. Ke3 Rc8 51. Kd4 b2 52. Kd5 b1=Q 53. Kd4 Qb4+ 54. Kd5 Rd8+ 55. Ke5 Qd6+ 56. Ke4 Re8+ 57. Kf3 Qd3+ 58. Kf4 Qf5+ 59. Kg3 Re3+ 60. Kg2 Qh3+ 61. Kf2 Qf3+ 62. Kg1 Re1+ 63. Kh2 Rh1# 0-1

[Event "Junior Online 4NCL Division 5"]
[Site "online"]
[Date "2021.04.15"]
[EventDate "2021.04.15"]
[Round "7.96"]
[White "Sidana, Rishabh"]
[WhiteElo "1660"]
[WhiteTeam "Chess Challengers A"]
[Black "Shiva, Shrishti"]
[BlackElo "1235"]
[BlackTeam "Colchester Juniors C"]
[Result "1-0"]
[PlyCount "125"]

1. e4 e5 2. Nf3 Nc6 3. Bc4 Bc5 4. Nc3 Nf6 5. d3 h6 6. Be3 Bb6 7. O-O d6 8. Nd5 Bg4 9. h3 Bh5 10. Bb5 a6 11. Nxb6 cxb6 12. Bc4 b5 13. Bb3 O-O 14. a4 bxa4 15. Bxa4 Rc8 16. c4 Qe7 17. Bxc6 Rxc6 18. b4 Rcc8 19. Qa4 Bxf3 20. gxf3 Nh5 21. Kh2 Qf6 22. Qd1 Nf4 23. Rg1 Kh7 24. Rg3 Rfe8 25. d4 Qh4 26. Bxf4 exf4 27. Rg2 Re6 28. Qd3 Rg6 29. e5 dxe5 30. Rag1 Qf6 31. dxe5 Qe6 32. c5 Kg8 33. Rxg6 fxg6 34. Qd6 Qa2 35. Qxg6 Qxf2+ 36. Rg2 Qxg2+ 37. Qxg2 Re8 38. Qa2+ Kh8 39. Qd5 g6 40. e6 g5 41. Qe5+ Kg8 42. Qf6 Rf8 43. Qxh6 Re8 44. Qxg5+ Kf8 45. Qf6+ Kg8 46. Qf7+ Kh8 47. Qxe8+ Kg7 48. Qd7+ Kf8 49. Qxb7 Kg8 50. Qxa6 Kf8 51. b5 Ke7 52. Qd6+ Kf6 53. e7+ Kf7 54. c6 Ke8 55. c7 Kf7 56. c8=R Kg7 57. Rc7 Kf7 58. Ra7 Ke8 59. Ra8+ Kf7 60. Rf8+ Kg7 61. Qe6 Kh7 62. Rf7+ Kh8 63. e8=R# 1-0

[Event "Junior Online 4NCL Division 5"]
[Site "online"]
[Date "2021.04.15"]
[EventDate "2021.04.15"]
[Round "7.97"]
[White "Chung, Vince"]
[WhiteElo "1202"]
[WhiteTeam "Colchester Juniors C"]
[Black "Gupta, Shourya"]
[BlackElo "1640"]
[BlackTeam "Chess Challengers A"]
[Result "0-1"]
[PlyCount "60"]

1. e4 c5 2. c4 Nc6 3. Nf3 Nf6 4. Nc3 e6 5. d4 cxd4 6. Nxd4 Bc5 7. Nxc6 bxc6 8. Be3 Bxe3 9. fxe3 d5 10. exd5 exd5 11. cxd5 cxd5 12. Bb5+ Bd7 13. Bxd7+ Qxd7 14. Qd2 O-O 15. O-O-O Rfd8 16. Rhf1 Rab8 17. h3 h6 18. g4 Rb4 19. Rf5 Qb7 20. b3 d4 21. exd4 Rbxd4 22. Rb5 Qf3 23. Rf5 Qc6 24. Qxd4 Rxd4 25. Rxd4 Qxc3+ 26. Kb1 Qxd4 27. Kc2 Ne4 28. Rf3 Qd2+ 29. Kb1 Nc3+ 30. Ka1 Qxa2# 0-1

[Event "Junior Online 4NCL Division 5"]
[Site "online"]
[Date "2021.04.15"]
[EventDate "2021.04.15"]
[Round "7.98"]
[White "Rajaram, Dilip"]
[WhiteElo "1635"]
[WhiteTeam "Chess Challengers A"]
[Black "He, Kingsley"]
[BlackElo "834"]
[BlackTeam "Colchester Juniors C"]
[Result "0-1"]
[PlyCount "110"]

1. e4 c6 2. Nf3 d5 3. d3 dxe4 4. dxe4 Qxd1+ 5. Kxd1 f6 6. Nc3 e5 7. Be3 Ne7 8. Bd3 Nd7 9. Ke2 Ng6 10. Rad1 Nf4+ 11. Bxf4 exf4 12. g3 fxg3 13. fxg3 Ne5 14. Nxe5 fxe5 15. Rhf1 Bd7 16. Bc4 O-O-O 17. Rf7 g6 18. a4 Bg4+ 19. Rf3 Bxf3+ 20. Kxf3 Rxd1 21. Nxd1 Bc5 22. Be6+ Kc7 23. Ke2 Re8 24. Bh3 Bg1 25. b4 Bxh2 26. c4 Bxg3 27. c5 Bf4 28. Nc3 Rd8 29. b5 cxb5 30. axb5 Rd2+ 31. Kf3 Rd3+ 32. Kg4 Rxc3 33. Bf1 Rxc5 34. Kh4 g5+ 35. Kh5 Kb6 36. Kh6 Rxb5 37. Bxb5 Kxb5 38. Kxh7 a5 39. Kg6 a4 40. Kf5 Kb4 41. Ke6 a3 42. Kf5 a2 43. Ke6 a1=Q 44. Kf5 Qf1 45. Ke6 Bc1 46. Kxe5 Qf4+ 47. Kd4 Be3+ 48. Kd5 g4 49. Ke6 g3 50. Kd5 g2 51. Ke6 Qxe4+ 52. Kf6 g1=Q 53. Kf7 Qf2+ 54. Kg7 Qeg2+ 55. Kh7 Qh4# 0-1

[Event "Junior Online 4NCL Division 5"]
[Site "online"]
[Date "2021.04.15"]
[EventDate "2021.04.15"]
[Round "7.101"]
[White "Ta, Duc"]
[WhiteElo "1351"]
[WhiteTeam "Wanstead Warriors 2"]
[Black "Tolani, Kabir"]
[BlackElo "1455"]
[BlackTeam "Chess Challengers E"]
[Result "1/2-1/2"]
[PlyCount "49"]

1. d4 e6 2. e4 d5 3. e5 Nc6 4. c3 a6 5. Nf3 f6 6. Bf4 f5 7. Nbd2 Nh6 8. h3 Be7 9. Qb3 g5 10. Bh2 g4 11. Ng1 Na5 12. Qa4+ Nc6 13. Bb5 Bd7 14. Bxc6 Bxc6 15. Qb3 Rg8 16. O-O-O gxh3 17. Nxh3 Rxg2 18. Bg3 Qd7 19. Nf4 Rxg3 20. fxg3 Ba4 21. Qxb7 Bc6 22. Qb3 Ba4 23. Qb7 Bc6 24. Qb3 Ba4 25. Qb7 1/2-1/2

[Event "Junior Online 4NCL Division 5"]
[Site "online"]
[Date "2021.04.15"]
[EventDate "2021.04.15"]
[Round "7.102"]
[White "Devalia, Aadishesh"]
[WhiteElo "1452"]
[WhiteTeam "Chess Challengers E"]
[Black "Wieleba, Hugo"]
[BlackElo "1384"]
[BlackTeam "Wanstead Warriors 2"]
[Result "0-1"]
[PlyCount "110"]

1. d4 d5 2. c4 dxc4 3. e4 b6 4. Bxc4 Bb7 5. Nc3 Nf6 6. Qe2 e6 7. Nf3 Bb4 8. e5 Nd5 9. Bxd5 Bxd5 10. Bd2 O-O 11. O-O Nc6 12. Nxd5 exd5 13. Bxb4 Nxb4 14. a3 Nc6 15. Rad1 Re8 16. Rfe1 Ne7 17. e6 Nf5 18. exf7+ Kxf7 19. Qxe8+ Qxe8 20. Rxe8 Rxe8 21. h3 Kf6 22. Rc1 Re7 23. Rc6+ Kf7 24. Ne5+ Ke8 25. Nf3 Kd7 26. Ne5+ Ke8 27. Nf3 Kd7 28. Rc1 Re4 29. Rd1 Kd6 30. Kh2 Re2 31. g4 Rxf2+ 32. Kg1 Rxf3 33. gxf5 Rxf5 34. Kg2 Rg5+ 35. Kf3 c5 36. Kf4 Rh5 37. dxc5+ bxc5 38. Kg4 Re5 39. Kg3 Re4 40. Kf3 Ke5 41. Rc1 c4 42. Rc3 Rf4+ 43. Kg3 g6 44. Re3+ Re4 45. Rc3 h5 46. b3 h4+ 47. Kf3 Rf4+ 48. Kg2 Kd4 49. Rc1 cxb3 50. Rb1 Kc3 51. Rc1+ Kb2 52. Rc7 Kxa3 53. Rxa7+ Kb2 54. Rb7 Kc2 55. Rc7+ Rc4 0-1

[Event "Junior Online 4NCL Division 5"]
[Site "online"]
[Date "2021.04.15"]
[EventDate "2021.04.15"]
[Round "7.104"]
[White "Pyla, Akhil"]
[WhiteElo "1426"]
[WhiteTeam "Chess Challengers E"]
[Black "Wong, Joseph"]
[BlackElo "1299"]
[BlackTeam "Wanstead Warriors 2"]
[Result "0-1"]
[PlyCount "66"]

1. e4 d5 2. exd5 Qxd5 3. Nc3 Qa5 4. d3 c6 5. Bd2 Qc7 6. Nf3 Nf6 7. Be2 Bg4 8. h3 Bxf3 9. Bxf3 Qe5+ 10. Be3 e6 11. d4 Qd6 12. O-O Nd5 13. Nxd5 cxd5 14. c3 Nd7 15. Qa4 Be7 16. Rac1 O-O 17. c4 Nb6 18. Qb3 Nxc4 19. Qxb7 Nxe3 20. fxe3 Rab8 21. Qxa7 Rxb2 22. Rc2 Rxc2 23. Ra1 Bg5 24. Qa4 Bxe3+ 25. Kh1 Rc4 26. Qb3 Bxd4 27. a4 Bxa1 28. a5 Rc1+ 29. Bd1 Qf4 30. Qa3 Qf1+ 31. Kh2 Be5+ 32. g3 Qf2+ 33. Kh1 Rxd1# 0-1

[Event "Junior Online 4NCL Division 5"]
[Site "online"]
[Date "2021.04.15"]
[EventDate "2021.04.15"]
[Round "7.105"]
[White "Tolani, Kabir"]
[WhiteElo "1455"]
[WhiteTeam "Chess Challengers E"]
[Black "Ta, Duc"]
[BlackElo "1351"]
[BlackTeam "Wanstead Warriors 2"]
[Result "0-1"]
[PlyCount "112"]

1. e4 e6 2. d4 d5 3. e5 c5 4. c3 Nc6 5. Nf3 Qb6 6. Be3 Qxb2 7. Nbd2 Qxc3 8. Rc1 Qa5 9. dxc5 Qxa2 10. Ra1 Qb2 11. Rb1 Qa3 12. Ra1 Qb4 13. Rb1 Qa5 14. Ra1 Qc7 15. Bb5 Bd7 16. Bxc6 Bxc6 17. O-O f6 18. exf6 gxf6 19. Re1 Ne7 20. Qe2 Rg8 21. Bd4 e5 22. Bc3 d4 23. Ba5 Qd7 24. Bb6 a6 25. Nc4 Nf5 26. Rad1 Qd5 27. Ne3 Nxe3 28. fxe3 Qxf3 29. Qxf3 Bxf3 30. Rf1 Rxg2+ 31. Kh1 Rg3+ 32. Rxf3 Rxf3 33. Kg2 Rxe3 34. Rf1 Be7 35. h4 d3 36. c6 Re2+ 37. Kf3 bxc6 38. Rd1 Rh2 39. Kg3 Rb2 40. Bg1 d2 41. Be3 Rb3 42. Kf3 Bc5 43. Rxd2 Rxe3+ 44. Kg4 a5 45. Kf5 a4 46. Ra2 a3 47. Kxf6 Rb3 48. Kxe5 Rb2 49. Ra1 a2 50. Ke4 Rb1 51. Rxa2 Rxa2 52. Ke5 Re1+ 53. Kf4 Rf2+ 54. Kg3 Rg1+ 55. Kh3 Bd6 56. h5 Rh2# 0-1